00292nam a2200121Ia 4500008004100000100003400041245001800075260002300093300000800116650002200124942000700146999001700153190216s9999||||xx |||||||||||||| ||und|| aAkkitham Achyuthan Namboodiri 0aBalidarshanam bP K Brothersc1974 a50p aMalayalam Kavitha cBK c29892d29892